World Press Photo 2023 (Record no. 10871)
[ view plain ]
| 000 -CABECERA | |
|---|---|
| campo de control de longitud fija | 01234nam a22003497a 4500 |
| 001 - NÚMERO DE CONTROL | |
| campo de control | BRCA_9252 |
| 003 - IDENTIFICADOR DEL NÚMERO DE CONTROL | |
| campo de control | FranzMayer |
| 005 - FECHA Y HORA DE LA ÚLTIMA TRANSACCIÓN | |
| campo de control | 20230717135224.0 |
| 008 - DATOS DE LONGITUD FIJA--INFORMACIÓN GENERAL | |
| campo de control de longitud fija | 230712b |||||||| |||| 00| 0 eng d |
| 020 ## - NÚMERO INTERNACIONAL ESTÁNDAR DEL LIBRO | |
| Número Internacional Estándar del Libro | 9788419785367 |
| 040 ## - FUENTE DE LA CATALOGACIÓN | |
| Centro catalogador/agencia de origen | MFM |
| Lengua de catalogación | esp |
| Centro/agencia transcriptor | MFM |
| 050 #0 - SIGNATURA TOPOGRÁFICA DE LA BIBLIOTECA DEL CONGRESO | |
| Número de clasificación | TR820 |
| Número de documento/Ítem | W67 2023 |
| 110 1# - ENTRADA PRINCIPAL--NOMBRE DE ENTIDAD CORPORATIVA | |
| Nombre de entidad corporativa o nombre de jurisdicción como elemento de entrada | World Press Photo |
| 9 (RLIN) | 28680 |
| 240 1# - TÍTULO UNIFORME | |
| Título uniforme | World Press Photo 2023 |
| Lenguaje de la obra | español |
| 245 ## - MENCIÓN DE TÍTULO | |
| Título | World Press Photo 2023 |
| 260 ## - PUBLICACIÓN, DISTRIBUCIÓN, ETC. | |
| Lugar de publicación, distribución, etc. | Alemania |
| Nombre del editor, distribuidor, etc. | Blume |
| Fecha de publicación, distribución, etc. | 2023 |
| 300 ## - DESCRIPCIÓN FÍSICA | |
| Extensión | 219 p |
| Otras características físicas | ilustraciones |
| Dimensiones | 25 cm |
| 500 ## - NOTA GENERAL | |
| Nota general | L60/N3 |
| 505 0# - NOTA DE CONTENIDO CON FORMATO | |
| Nota de contenido con formato | Destinado a: Fotógrafos, artistas, periodistas, sociólogos, historiadores, investigadoresTexto en: españolIncluye índice de imágenes |
| 610 2# - PUNTO DE ACCESO ADICIONAL DE MATERIA--NOMBRE DE ENTIDAD CORPORATIVA | |
| Nombre de entidad corporativa o nombre de jurisdicción como elemento de entrada | World Press Photo |
| 9 (RLIN) | 28681 |
| 650 2# - PUNTO DE ACCESO ADICIONAL DE MATERIA--TÉRMINO DE MATERIA | |
| Fuente del encabezamiento o término | Fotoperiodismo |
| Término de materia o nombre geográfico como elemento de entrada | Exposiciones |
| Subdivisión de forma | Premios |
| 9 (RLIN) | 28682 |
| 650 2# - PUNTO DE ACCESO ADICIONAL DE MATERIA--TÉRMINO DE MATERIA | |
| Fuente del encabezamiento o término | Fotografía |
| Término de materia o nombre geográfico como elemento de entrada | Exposiciones |
| Subdivisión de forma | Premios |
| 9 (RLIN) | 28682 |
| 700 1# - PUNTO DE ACCESO ADICIONAL--NOMBRE DE PERSONA | |
| Código de función/relación | Ed. |
| Nombre de persona | Bolt, Rodney |
| 9 (RLIN) | 28683 |
| 700 1# - PUNTO DE ACCESO ADICIONAL--NOMBRE DE PERSONA | |
| Código de función/relación | Ed. |
| Nombre de persona | Kozakiewicz, Julia |
| 9 (RLIN) | 28684 |
| 700 1# - PUNTO DE ACCESO ADICIONAL--NOMBRE DE PERSONA | |
| Código de función/relación | Dir. |
| Nombre de persona | El Zein Khoury, Joumans |
| 9 (RLIN) | 28685 |
| 700 1# - PUNTO DE ACCESO ADICIONAL--NOMBRE DE PERSONA | |
| Código de función/relación | Tex. |
| Nombre de persona | Almagro Ocaña, Mercedes |
| 9 (RLIN) | 28686 |
| 700 1# - PUNTO DE ACCESO ADICIONAL--NOMBRE DE PERSONA | |
| Código de función/relación | Inv. |
| Nombre de persona | Dhami, Kuljit |
| 9 (RLIN) | 28687 |
| 700 1# - PUNTO DE ACCESO ADICIONAL--NOMBRE DE PERSONA | |
| Código de función/relación | Trad. |
| Nombre de persona | Deza Guil, Gemma |
| 9 (RLIN) | 28688 |
| 700 1# - PUNTO DE ACCESO ADICIONAL--NOMBRE DE PERSONA | |
| Código de función/relación | Trad. |
| Nombre de persona | Rodríguez Fisher, Cristina |
| 9 (RLIN) | 28689 |
| 710 1# - PUNTO DE ACCESO ADICIONAL--NOMBRE DE ENTIDAD CORPORATIVA | |
| Nombre de entidad corporativa o nombre de jurisdicción como elemento de entrada | World Press Photo |
| 9 (RLIN) | 28680 |
| 942 ## - ELEMENTOS DE PUNTO DE ACCESO ADICIONAL (KOHA) | |
| Fuente del sistema de clasificación o colocación | Library of Congress Classification |
| Tipo de ítem Koha | Libros |
| Estado de retiro | Estado de pérdida | Fuente del sistema de clasificación o colocación | Estado dañado | No para préstamo | Código de colección | Localización permanente | Ubicación/localización actual | Fecha de adquisición | Fuente de adquisición | Total de préstamos | Signatura topográfica completa | Código de barras | Fecha visto por última vez | Número de copia | Precio válido a partir de | Tipo de ítem Koha |
|---|---|---|---|---|---|---|---|---|---|---|---|---|---|---|---|---|
| El ejemplar forma parte de la colección y puede ser consultado según las políticas vigentes. | Library of Congress Classification | Fondo Contemporáneo | Biblioteca del Museo Franz Mayer (Rogerio Casas-Alatriste) | Biblioteca del Museo Franz Mayer (Rogerio Casas-Alatriste) | 12/07/2023 | Donación | TR820 W67 2023 | CONT10048 | 12/07/2023 | 1 | 12/07/2023 | Libros |